000 00885cam a22002773a 4500
001 6365
003 PGUSA
005 20140828083131.0
008 040801s2004||||xxu|||||s|||||000 1 eng d
040 _aPGUSA
_beng
042 _adc
050 4 _aPZ
100 1 _aStratemeyer, Edward,
_d1862-1930
245 1 0 _aRichard Dare's Venture; Or, Striking Out for Himself
_h[electronic resource] /
_cEdward Stratemeyer
260 _bProject Gutenberg,
_c2004
506 _aPublic domain in the USA.
516 _aElectronic text
653 _aYoung men -- Juvenile fiction
653 _aNew York (N.Y.) -- Juvenile fiction
653 _aSuccess -- Juvenile fiction
653 _aChristian life -- Juvenile fiction
653 _aBooksellers and bookselling -- Juvenile fiction
830 0 _aProject Gutenberg
_v6365
856 4 0 _uhttp://www.gutenberg.org/ebooks/6365
942 _cEB
999 _c235688
_d235688